LEADER 01192nam 2200397 450 001 9910459730603321 005 20200520144314.0 010 $a2-36493-428-1 035 $a(CKB)3710000000380834 035 $a(MiAaPQ)EBC5709813 035 $a(Au-PeEL)EBL5709813 035 $a(OCoLC)1088312274 035 $a(EXLCZ)993710000000380834 100 $a20190301d2014 uy 0 101 0 $aeng 135 $aurcnu|||||||| 181 $ctxt$2rdacontent 182 $cc$2rdamedia 183 $acr$2rdacarrier 200 10$aAirframe $eATPL Pre?paration certificate 021 /$fLaurence Morin, Me?lanie O'Quigley 210 1$aToulouse, France :$cCepadues Editions,$d2014. 215 $a1 online resource (175 pages) $cillustrations 311 $a2-36493-115-0 606 $aAirplanes$xDesign and construction$vHandbooks, manuals, etc 608 $aElectronic books. 615 0$aAirplanes$xDesign and construction 676 $a629.1342 700 $aMorin$b Laurence$0875398 702 $aO'Quigley$b Me?lanie 801 0$bMiAaPQ 801 1$bMiAaPQ 801 2$bMiAaPQ 906 $aBOOK 912 $a9910459730603321 996 $aAirframe$91954407 997 $aUNINA LEADER 01195nas 2200397 c 450 001 9910893502503321 005 20260218110550.0 024 7 $aurn:nbn:de:bsz:boa-zdb2659056-68 035 $a(CKB)5280000000197891 035 $a(OCoLC)1184481336 035 $a(OCoLC)796202238 035 $a(DE-101)1021526800 035 $a(DE-599)ZDB2659056-6 035 $a(DE-599)2659056-6 035 $a(EXLCZ)995280000000197891 100 $a20120413a20059999 |y | 101 0 $ager 135 $aur||||||||||| 181 $ctxt$2rdacontent 182 $cc$2rdamedia 183 $acr$2rdacarrier 200 00$aArtur-Fischer-Erfinderpreis Baden-Württemberg$eDokumentation$fHrsg.: Stiftung Artur-Fischer-Erfinderpreis Baden-Württemberg 210 31$aStuttgart$cStiftung Artur-Fischer-Erfinderpreis Baden-Wu?rttemberg$d2005- 215 $aOnline-Ressource 300 $aGesehen am 23.01.15 608 $aZeitschrift$2gnd-content 676 $a000 676 $a600 676 $a330 801 0$b1240 801 1$bDE-101 801 2$b9999 906 $aJOURNAL 912 $a9910893502503321 996 $aArtur-Fischer-Erfinderpreis Baden-Wu?rttemberg$94256633 997 $aUNINA